000 00487nam a2200181Ia 4500
005 20250508162916.0
008 008 250505s9999 xx 000 0 hin d
037 _aTextual
040 _aFEDL
_beng
_cFEDL
041 _ahin
_2eng
084 _a491.25, PAN
_qFEDL
100 _aMehto Damodar
_9774364
245 0 _aPaniniya shiksha
260 _aDelhi, India
_bMotilal Banarsi Das
_c1990
300 _a75p.
942 _cTEXL
_h491.25, PAN
999 _c1379371
_d1379371